Anno Dracula 1899 and other stories /

"A brand new collection of chilling stories by master of horror Kim Newman, in which Jack the Ripper still stalks the streets, Frankenstein's monster rises from the Arctic ice, and the terrifying legacy of Dr. Jeyll and Mr. Hyde haunts fog-shrouded London. This volume also includes a brand...

Full description

Bibliographic Details
Main Author: Newman, Kim (Author)
Format: Book
Language:English
Published: London : Titan Books, 2017.
Edition:First edition.
Subjects:

MARC

Tag First Indicator Second Indicator Subfields
LEADER 00000cam a2200000 i 4500
001 in00004727721
008 170317s2017 enk 000 1 eng d
005 20230706193631.5
010 |a  2017288222 
035 |a (OCoLC)ocn961879825 
040 |a TOH  |b eng  |e rda  |c DLC  |d CLE  |d ORX  |d TNH  |d BKL  |d OJ4  |d EYM  |d OCLCF  |d IGA  |d YU6  |d UKMGB  |d CNGUL  |d NZIPP  |d TOH  |d ZQP  |d OCLCO 
015 |a GBB6J9205  |2 bnb 
016 7 |a 018133013  |2 Uk 
020 |a 9781781165706  |q (paperback) 
020 |a 178116570X  |q (paperback) 
035 |a (OCoLC)961879825 
042 |a lccopycat 
050 0 0 |a PR6064.E9277  |b A6 2017 
082 0 0 |a 823/.914  |2 23 
084 |a I561.45  |2 clc 
100 1 |a Newman, Kim,  |e author. 
240 1 0 |a Short stories.  |k Selections 
245 1 0 |a Anno Dracula 1899 and other stories /  |c Kim Newman. 
250 |a First edition. 
264 1 |a London :  |b Titan Books,  |c 2017. 
300 |a 373 pages ;  |c 21 cm 
336 |a text  |b txt  |2 rdacontent 
337 |a unmediated  |b n  |2 rdamedia 
338 |a volume  |b nc  |2 rdacarrier 
500 |a Accession # is 2018_0048. 
500 |a Donated by Jeremy Brett. 
500 |a "Featuring appearances from Jekyll & Hyde, Jack the Ripper, the Invisible Man, Edgar Allan Poe, a zombie apocalypse and a Martian, and Frankenstein's monster"--Cover. 
505 0 0 |t Famous monsters --  |t A drug on the market --  |t Illimitable dominion --  |t Just like Eddy --  |t Amerikanski dead at the Moscow morgue --  |t The chill clutch of the unseen --  |t One hit Wanda --  |t Is there anybody there? --  |t The intervention --  |t Red jacks wild --  |t Sarah minds the dog --  |t The snow sculptures of Xanadu --  |t The pale spirit people --  |t Übermensch! --  |t Coastal city --  |t Completist heaven --  |t Une étrange aventure de Richard Blaine --  |t Frankenstein on ice --  |t Yokai town : anno Dracula 1899. 
520 |a "A brand new collection of chilling stories by master of horror Kim Newman, in which Jack the Ripper still stalks the streets, Frankenstein's monster rises from the Arctic ice, and the terrifying legacy of Dr. Jeyll and Mr. Hyde haunts fog-shrouded London. This volume also includes a brand-new, exclusive Anno Dracula story, 'Yokai Town: Anno Dracula 1899', which sets the scene for the forthcoming novel Anno Dracula 1999: Daikaiju ."--Page 4 of cover. 
650 0 |a Horror tales, English. 
650 6 |a Récits d'horreur anglais. 
650 7 |a FICTION / Fantasy / Collections & Anthologies.  |2 bisacsh 
650 7 |a FICTION / Horror.  |2 bisacsh 
650 7 |a FICTION / Short Stories (single author)  |2 bisacsh 
650 7 |a Horror tales, English.  |2 cct 
650 7 |a Short stories.  |2 cct 
650 7 |a Horror fiction.  |2 cct 
650 7 |a Horror tales, English.  |2 fast  |0 (OCoLC)fst00960411 
655 4 |a Alternative histories (Fiction) 
655 4 |a Short stories. 
655 4 |a Horror tales. 
655 7 |a short stories.  |2 aat 
655 7 |a Horror fiction.  |2 fast  |0 (OCoLC)fst01921684 
655 7 |a Short stories.  |2 fast  |0 (OCoLC)fst01726740 
655 7 |a Short stories.  |2 lcgft 
655 7 |a Horror fiction.  |2 lcgft 
655 7 |a Nouvelles.  |2 rvmgf 
029 1 |a UKMGB  |b 018133013 
029 1 |a AU@  |b 000059856965 
994 |a Z0  |b TXA 
948 |h HELD BY TXA - 75 OTHER HOLDINGS 
999 f f |s 9b906236-c3b4-4d03-8111-1be35cfc4ac9  |i 224446c8-6e47-458d-8c79-c8779d37c31d  |t 0 
952 f f |p noncirc  |a Texas A&M University  |b College Station  |c Cushing Memorial Library & Archives  |d Cushing: Science Fiction (Does not check out)  |t 0  |e PR6064 E9277 A6 2017  |h Library of Congress classification  |i unmediated -- volume  |m A1485307773C 
998 f f |a PR6064 E9277 A6 2017  |t 0  |l Cushing: Science Fiction (Does not check out)